Movie Quote Picture Click Quiz Stats

 Plays Quiz Updated Nov 15, 2017

Score 0/20 Timer 06:00
25 Plays Today
% Correct
Cole Sear, The Sixth Sense
96.1%
Jack Dawson, Titanic
94.9%
Tony Montana, Scarface
94.5%
Martin Brody, Jaws
92.8%
Dorothy Gale, The Wizard of Oz
92.8%
Colonel Jessup, A Few Good Men
88.3%
Jigsaw, Saw franchise
88.2%
Rhett Butler, Gone with the Wind
86.2%
John Keating, Dead Poets Society
84.1%
Harry Callahan, Sudden Impact
82.4%
% Correct
Derek Zoolander, Zoolander
81.1%
Norman Bates, Psycho
78.8%
Virgil Tibbs, In the Heat of the Night
76.8%
Dorothy Boyd, Jerry Maguire
74.9%
Andy Dufresne, The Shawshank Redemption
69.5%
Wanda, A Fish Called Wanda
68.9%
The Captain, Cool Hand Luke
63.8%
Norma Desmond, Sunset Blvd.
63.2%
Christian Szell, Marathon Man
58.7%
Margo Channing, All About Eve
53.3%

You're not logged in!

Compare scores with friends on all Sporcle quizzes.
OR
Log In

Show Comments

Extras

Top Quizzes Today


Score Distribution

Your Account Isn't Verified!

In order to create a playlist on Sporcle, you need to verify the email address you used during registration. Go to your Sporcle Settings to finish the process.

Report this User

Report this user for behavior that violates our Community Guidelines.

Details: